| 000 | 00784nam a2200229Ia 4500 | ||
|---|---|---|---|
| 003 | GCL | ||
| 008 | 140319s9999 xx 000 0 ara d | ||
| 040 |
_aGCL / _cGCL |
||
| 082 | 0 | 4 |
_a819 _bت ا |
| 100 | 1 | _aمحمد بن تاويت الطنجى | |
| 245 | 1 | 0 |
_aاخلاق الوزيرين / _cمحمد بن تاويت الطنجى |
| 700 | 1 | _aابوحيان التوحيدى : على بن محمد بن على بن العباس البغدادى | |
| 260 |
_aبيروت : _bدار صادر ، _c1992 |
||
| 300 |
_a663 ص ؛ _c25 سم |
||
| 490 | _a | ||
| 650 | 0 | 4 | _aالادب العربى |
| 650 | 0 | 4 | _aالبلاغة العربية |
| 650 | 0 | 4 | _aالتاريخ الاسلامى |
| 650 | 0 | 4 | _aالتاريخ |
| 650 | 0 | 4 | _aابوحيان التوحيدى |
| 942 |
_2ddc _cBK |
||
| 999 |
_c31464 _d31464 |
||